LEADER 01059nam 2200337 450 001 990000767430203316 035 $a0076743 035 $aUSA010076743 035 $a(ALEPH)000076743USA01 035 $a0076743 100 $a20011123d1990----km-y0itay0103----ba 101 $ager 102 $aIT 105 $a||||||||001yy 200 1 $a<> Briefe Sigmund Freuds an Edoardo Weiss$fHannes Koch 210 $aTrieste$cUniversità degli studi$d1990 215 $a28 p$d21 cm 300 $aIn testa al front.: Università degli studi di Trieste, Facoltà di economia e commercio, Istituto di lingue staniere moderne 410 $12001 676 $a150.1952 700 1$aKOCH,$bHannes$077878 801 0$aIT$bsalbc$gISBD 912 $a990000767430203316 951 $aII t MISC. 1/1$b131437 LM$cII t MISC. 959 $aBK 969 $aUMA 979 $aPATTY$b90$c20011123$lUSA01$h1249 979 $c20020403$lUSA01$h1724 979 $aPATRY$b90$c20040406$lUSA01$h1653 996 $aBriefe Sigmund Freuds an Edoardo Weiss$9408110 997 $aUNISA LEADER 00943cam0-2200325---450- 001 990004036350403321 005 20151214153928.0 010 $a2-08-064651-6 035 $a000403635 035 $aFED01000403635 035 $a(Aleph)000403635FED01 035 $a000403635 100 $a19990604d1986----km-y0itay50------ba 101 0 $afre 102 $aFR 105 $aa-------001yy 200 1 $a<>musique en France$edes Lumières au Romantisme (1789-1830)$fJean Mongrédien 210 $aParis$cFlammarion$d1986 215 $a370 p.$cill.$d24 cm 225 1 $aHarmoniques$ila Musique en France 610 0 $aMusica$aFrancia$a1789-1830$aStoria e critica 676 $a780.944 700 1$aMongrédien,$bJean$0153979 801 0$aIT$bUNINA$gRICA$2UNIMARC 901 $aBK 912 $a990004036350403321 952 $a780.944 MON 1$bD.F.M.1516$fFLFBC 959 $aFLFBC 996 $aMusique en France$9471114 997 $aUNINA